Ley Aduanera y su reglamento /

Guardado en:
Detalles Bibliográficos
Autor corporativo: México
Formato: Libro
Idioma:Español
Publicado: México : Anaya, 2006, c2006
Temas:
Etiquetas: Agrega una etiqueta
Sin etiquetas, Sé el primero en etiquetar este registro!

MARC

LEADER 00000nam^a2200000^a^4500
001 000193377
005 20250521000000.0
009 20260310102640.281
020 |a 970-453-145-1 
025 |a Donación sin dato, 1 ejemplar 
037 |a Acervo ITESO - Biblioteca 
041 |a ESP 
082 |a 346. 720772  |b MEX 2006 
110 |a México 
240 1 1 |a [Ley Aduanera] 
245 1 0 |a Ley Aduanera y su reglamento / 
264 4 |a México :  |b Anaya,  |c 2006, c2006 
300 |a 117 p. 
336 |a texto  |b txt  |2 rdacontenido 
337 |a sin mediación  |b n  |2 rdamedio 
338 |a volumen  |b nc  |2 rdasoporte 
649 |a XX 
650 |a Derecho Aduanero -  |z México -  |x Leyes y Reglamentos -  |x Tema Principal 
650 |a Comercio Exterior -  |z México -  |x Leyes y Reglamentos 
650 |a Derecho Mercantil -  |z México -  |x Leyes y Reglamentos 
650 |a Derecho Fiscal -  |z México -  |x Leyes y Reglamentos 
650 |a Derecho Privado -  |z México 
650 |a Derecho Público -  |z México 
650 |a México -  |x Leyes y Reglamentos 
910 |a Fondo General 
920 |a Impresos - Libros 
930 |a Colección General 
905 |a 101 
901 |a 0500138112  |b IT1  |c ACC  |i D  |u 20250521 
902 |a https://opac.biblio.iteso.mx/vufind/Record/000193377